000 00506nam a2200205Ia 4500
005 20250425161115.0
008 250425s9999 xx 000 0 und d
020 _a0133129500
041 _aeng
082 _a629.83
100 _aVAN DE VEGTE, JOHN
245 0 _aFEEBACK CONTROL SYSTEMS
250 _a1ST ED.
260 _aENGLEWOOD
260 _aEstados Unidos
_bPRENTICE HALL
_c1986
300 _a433
650 _aSISTEMAS DE CONTROL POR RETROALIMENTACION
942 _c01
010 _a12831
999 _c202563
_d202563